Πολιτιστικά κοιτάσματα : προτάσεις για τη διατήρηση και τη διαχείριση της πολιτιστικής κληρονομιάς

Αποθηκεύτηκε σε:
Λεπτομέρειες βιβλιογραφικής εγγραφής
Κύριος συγγραφέας: Eco, Umberto
Άλλοι συγγραφείς: Ιωαννίδης, Θόδωρος (Επιμελητής έκδοσης), Σουέρεφ, Κώστας Ι., 1952- (Μεταφραστής)
Μορφή: Βιβλίο
Γλώσσα:Greek
Italian
Δημοσίευση: Αθήνα ; Θεσσαλονίκη : Παρατηρητής, 1992.
Θέματα:
Ετικέτες: Προσθήκη ετικέτας
Δεν υπάρχουν, Καταχωρήστε ετικέτα πρώτοι!

MARC

LEADER 00000cam a2200000 i 4500
001 1/84961
008 050907s1992 gr | ||| |||| ||gre||
020 |a 9602607017 
035 |l 10080154 
040 |a GR-MyUA  |b gre  |e AACR2 
041 1 |a gre  |h ita 
082 0 |a 363.69  |2 (22) 
100 1 |a Eco, Umberto. 
245 1 0 |a Πολιτιστικά κοιτάσματα :   |b προτάσεις για τη διατήρηση και τη διαχείριση της πολιτιστικής κληρονομιάς /   |c Umberto Eco ; μετάφραση Κώστας Σουέρεφ ; επιμέλεια Θόδωρος Ιωαννίδης.  
260 |a Αθήνα ; Θεσσαλονίκη :   |b Παρατηρητής,   |c 1992.  
300 |a 77 σ. :   |b έγχρ. εικ. ;   |c 28 εκ.  
500 |a Μετάφραση από τα ιταλικά 
500 |a Τίτλος πρωτοτύπου: Osservazioni sulla nozione di giacimento culturale.  
504 |a Περιέχει βιβλιογραφία.  
650 0 0 |a Monuments  |x Conservation and restoration  |z Greece. 
650 0 0 |a Museums  |x Educational aspects. 
650 0 0 |a Cultural property  |x Protection. 
650 0 0 |a World Heritage areas  |z Greece. 
700 1 |a Ιωαννίδης, Θόδωρος,  |e edt 
700 1 |a Σουέρεφ, Κώστας Ι.,   |d 1952-  |e trl 
852 |a INST  |b LESVOS  |e 20050907  |h 363.69 ECO  |p 005100031086  |q 005100031086  |t BK  |y 0 
901 |a BIBL1-2005-3 
909 |a Λ  |b 113387 
920 |a ΔΙΕΥΡΥΝΣΗ  |b ΕΠΕΑΕΚ-ΠΤΕ  |y Λέσβος  |z 2004-09 
970 |a ΚΑΡΑ  |b ΓΙΑΣΕΜΗ  |z 2005/09/07